<?xml version="1.0" encoding="UTF-8"?>
<record
    xmlns:xsi="http://www.w3.org/2001/XMLSchema-instance"
    xsi:schemaLocation="http://www.loc.gov/MARC21/slim http://www.loc.gov/standards/marcxml/schema/MARC21slim.xsd"
    xmlns="http://www.loc.gov/MARC21/slim">

  <leader>02316nam a2200325 i 4500</leader>
  <controlfield tag="003">DO-SdBNP</controlfield>
  <controlfield tag="005">20240402134029.0</controlfield>
  <controlfield tag="006">a||||gr|||| 00| 0 </controlfield>
  <controlfield tag="007">ta</controlfield>
  <controlfield tag="008">230911e2000    dr ||||| |||| 00| 0 spa d</controlfield>
  <datafield tag="040" ind1=" " ind2=" ">
    <subfield code="a">DO-SdBNP</subfield>
    <subfield code="b">spa</subfield>
    <subfield code="c">BNPHU</subfield>
    <subfield code="e">rda</subfield>
  </datafield>
  <datafield tag="082" ind1=" " ind2="4">
    <subfield code="2">22</subfield>
    <subfield code="a">346.729307</subfield>
    <subfield code="b">V648c 2000</subfield>
  </datafield>
  <datafield tag="100" ind1="1" ind2=" ">
    <subfield code="a">Potentini Adames, Trajano Vidal&#x200F;</subfield>
    <subfield code="e">autor</subfield>
    <subfield code="9">73577</subfield>
  </datafield>
  <datafield tag="245" ind1="1" ind2="0">
    <subfield code="a">C&#xF3;digo de Comercio de la Rep&#xFA;blica Dominicana. /</subfield>
    <subfield code="c">Trajano Vidal Potentini; edici&#xF3;n al cuidado de H&#xE9;ctor Guzm&#xE1;n</subfield>
  </datafield>
  <datafield tag="260" ind1=" " ind2=" ">
    <subfield code="a">3a. edici&#xF3;n de bolsillo</subfield>
  </datafield>
  <datafield tag="264" ind1=" " ind2="1">
    <subfield code="a">Moca, Rep&#xFA;blica Dominicana :</subfield>
    <subfield code="b">Dalis,</subfield>
    <subfield code="c">2000</subfield>
  </datafield>
  <datafield tag="300" ind1=" " ind2=" ">
    <subfield code="a">244 p&#xE1;ginas ;</subfield>
    <subfield code="c">15 cm.</subfield>
  </datafield>
  <datafield tag="336" ind1=" " ind2=" ">
    <subfield code="2">rdacontent</subfield>
    <subfield code="a">texto</subfield>
    <subfield code="b">txt</subfield>
  </datafield>
  <datafield tag="337" ind1=" " ind2=" ">
    <subfield code="2">rdamedia</subfield>
    <subfield code="a">sin mediaci&#xF3;n</subfield>
    <subfield code="b">n</subfield>
  </datafield>
  <datafield tag="338" ind1=" " ind2=" ">
    <subfield code="2">rdacarrier</subfield>
    <subfield code="a">volumen</subfield>
    <subfield code="b">nc</subfield>
  </datafield>
  <datafield tag="505" ind1="0" ind2=" ">
    <subfield code="a">Libro Primero.</subfield>
    <subfield code="t">T&#xED;tulo I: De los comerciantes.-- T&#xED;tulo II: De los libros de comercio.</subfield>
    <subfield code="g">T&#xED;tulo III.</subfield>
    <subfield code="t">De las Compa&#xF1;&#xED;as.</subfield>
    <subfield code="g">T&#xED;tulo IV.</subfield>
    <subfield code="t">De las separaciones de bienes.</subfield>
    <subfield code="g">T&#xED;tulo V.</subfield>
    <subfield code="t">De las bolsas de comercio, agentes de cambio y corredores.</subfield>
    <subfield code="g">T&#xED;tulo VI.</subfield>
    <subfield code="t">De la prenda y de los comisionistas.</subfield>
    <subfield code="g">T&#xED;tulo VII.</subfield>
    <subfield code="t">De las compras y ventas mercantiles.</subfield>
    <subfield code="g">T&#xED;tulo VII.</subfield>
    <subfield code="t">De la letra de cambio, del pagar&#xE9; a la orden, y de la prescripci&#xF3;n.</subfield>
    <subfield code="g">T&#xED;tulo VIII.</subfield>
    <subfield code="t">De la letra de cambio, del pagar&#xE9; a la orden, y de la prescripci&#xF3;n.</subfield>
  </datafield>
  <datafield tag="505" ind1="0" ind2=" ">
    <subfield code="a">Libro Segundo.</subfield>
    <subfield code="t">Del Comercio Mar&#xED;timo.</subfield>
    <subfield code="g">T&#xED;tulo IX.</subfield>
    <subfield code="t">De los contratos a la gruesa.</subfield>
    <subfield code="g">T&#xED;tulo X.</subfield>
    <subfield code="t">De los seguros.</subfield>
  </datafield>
  <datafield tag="505" ind1="0" ind2=" ">
    <subfield code="a">Libro Tercero.</subfield>
    <subfield code="t">De las Quiebras y Bancarrotas</subfield>
    <subfield code="g">Cap&#xED;tulo I:</subfield>
    <subfield code="t">De la declaraci&#xF3;n de quiebra y de sus efectos.</subfield>
    <subfield code="g">Cap&#xED;tulo II:</subfield>
    <subfield code="t">Del nombramiento de juez comisario</subfield>
    <subfield code="g">Cap&#xED;tulo III:</subfield>
    <subfield code="t">De la fijaci&#xF3;n de sellos y de las primeras disposiciones con respecto a la persona del quebrado.</subfield>
    <subfield code="g">Cap&#xED;tulo IV:</subfield>
    <subfield code="t">Del nombramiento y reemplazo de los s&#xED;ndicos provisionales.</subfield>
    <subfield code="g">Cap&#xED;tulo V.</subfield>
    <subfield code="t">Atribuciones de los s&#xED;ndicos.</subfield>
    <subfield code="g">Cap&#xED;tulo VI:</subfield>
    <subfield code="t">Del concordato y de la uni&#xF3;n.</subfield>
    <subfield code="g">Cap&#xED;tulo VII:</subfield>
    <subfield code="t">De las diversas especies de acreedores y de sus derechos en caso de quiebra.</subfield>
    <subfield code="g">T&#xED;tulo II.</subfield>
    <subfield code="t">De las bancarrotas.</subfield>
  </datafield>
  <datafield tag="505" ind1="0" ind2=" ">
    <subfield code="a">Libro Cuarto.</subfield>
    <subfield code="t">De la Jurisdicci&#xF3;n Comercial.</subfield>
  </datafield>
  <datafield tag="590" ind1=" " ind2=" ">
    <subfield code="a">Inventariado 2023 / MF</subfield>
  </datafield>
  <datafield tag="650" ind1=" " ind2="4">
    <subfield code="a">Derecho comercial</subfield>
    <subfield code="x">Legislaci&#xF3;n</subfield>
    <subfield code="z">Rep&#xFA;blica Dominicana</subfield>
    <subfield code="9">10077</subfield>
  </datafield>
  <datafield tag="650" ind1=" " ind2="4">
    <subfield code="a">Derecho comercial</subfield>
    <subfield code="z">Rep&#xFA;blica Dominicana</subfield>
    <subfield code="9">14449</subfield>
  </datafield>
  <datafield tag="700" ind1="1" ind2=" ">
    <subfield code="a">Guzm&#xE1;n, H&#xE9;ctor,</subfield>
    <subfield code="9">73578</subfield>
    <subfield code="e">editor</subfield>
  </datafield>
  <datafield tag="942" ind1=" " ind2=" ">
    <subfield code="2">ddc</subfield>
    <subfield code="c">LBS1</subfield>
  </datafield>
  <datafield tag="952" ind1=" " ind2=" ">
    <subfield code="0">0</subfield>
    <subfield code="1">0</subfield>
    <subfield code="2">ddc</subfield>
    <subfield code="5">1</subfield>
    <subfield code="7">0</subfield>
    <subfield code="8">PD</subfield>
    <subfield code="a">BNPHU</subfield>
    <subfield code="b">BNPHU</subfield>
    <subfield code="c">CT</subfield>
    <subfield code="d">2000-03-30</subfield>
    <subfield code="e">Donado por Ferolina Sof&#xED;a</subfield>
    <subfield code="l">0</subfield>
    <subfield code="o">V648c</subfield>
    <subfield code="p">2023-5739</subfield>
    <subfield code="r">2023-09-11</subfield>
    <subfield code="w">2023-09-11</subfield>
    <subfield code="y">LBS1</subfield>
  </datafield>
  <datafield tag="999" ind1=" " ind2=" ">
    <subfield code="c">54681</subfield>
    <subfield code="d">54681</subfield>
  </datafield>
</record>
